[Event "EU-chT Seniors 09th"]
[Site "Dresden"]
[Date "2007.02.23"]
[Round "8"]
[White "Wilson, Peter JB"]
[Black "Kopczak, Ruediger"]
[Result "0-1"]
[WhiteElo "2044"]
[BlackElo "1777"]
[PlyCount "112"]
[EventDate "2007.02.16"]
[EventType "team-swiss"]
[EventRounds "9"]
[EventCountry "GER"]
[SourceTitle "CBM 117 Extra"]
[Source "ChessBase"]
[SourceDate "2007.05.09"]
[SourceVersion "1"]
[SourceVersionDate "2007.05.09"]
[SourceQuality "1"]

1. e4 c5 2. Nf3 e6 3. Nc3 Nc6 4. d4 cxd4 5. Nxd4 Nf6 6. g3 Bb4 7. Bg2 Qc7 8. 0-0 a6 9. Re1 0-0 10. Bg5 Nxd4 11. Qxd4 Bc5 12. Qd2 Ng4 13. Be3 Nxe3 14. fxe3 Rb8 15. Na4 Ba7 16. Qc3 Qxc3 17. Nxc3 b5 18. e5 f6 19. exf6 gxf6 20. Kf1 f5 21. Rad1 d5 22. Nb1 a5 23. Ke2 Ba6 24. Kd2 b4 25. Kc1 Rbc8 26. a3 Rc7 27. axb4 axb4 28. c3 Rfc8 29. Rd2 Bb5 30. Rf2 Bd3 31. Rc2 Kg7 32. Kd2 Bxc2 33. Kxc2 Bb6 34. Kd3 Ba5 35. cxb4 Bxb4 36. Re2 Rc1 37. Nd2 R8c2 38. Nb3 Rxe2 39. Kxe2 Rc2+ 40. Kf3 Rxb2 41. Nd4 Kf6 42. h3 Be1 43. Ne2 e5 44. Bf1 Rb3 45. Nc1 Ra3 46. g4 d4 47. Nd3 Bh4 48. gxf5 Kxf5 49. e4+ Ke6 50. Kg4 Be7 51. Kh5 Ra1 52. Be2 Bf8 53. Kg4 Rg1+ 54. Kh5 Kf6 55. Kh4 Bh6 56. Bh5 Bg5# 0-1

[Event "EU-chT Seniors 09th"]
[Site "Dresden"]
[Date "2007.02.20"]
[Round "5"]
[White "Juergens, Peter1111"]
[Black "Kopczak, Ruediger"]
[Result "0-1"]
[WhiteElo "2082"]
[BlackElo "1777"]
[PlyCount "76"]
[EventDate "2007.02.16"]
[EventType "team-swiss"]
[EventRounds "9"]
[EventCountry "GER"]
[SourceTitle "CBM 117 Extra"]
[Source "ChessBase"]
[SourceDate "2007.05.09"]
[SourceVersion "1"]
[SourceVersionDate "2007.05.09"]
[SourceQuality "1"]

1. d4 Nf6 2. Nf3 b6 3. e3 e6 4. Bd3 Bb7 5. 0-0 c5 6. c4 d5 7. Nc3 Nc6 8. b3 Bd6 9. Bb2 0-0 10. Rc1 Rc8 11. Qe2 cxd4 12. exd4 Nb4 13. Nb5 Nxd3 14. Qxd3 Bf4 15. Rce1 a6 16. Na3 Ne4 17. Bc1 Bd6 18. Rd1 Re8 19. Nc2 a5 20. cxd5 exd5 21. Bb2 Ba6 22. Qxa6 Rxc2 23. Rb1 Bf4 24. g3 Ng5 25. Ne1 Rxf2 26. Kxf2 Ne4+ 27. Kg2 Nd2 28. Rxf4 Nxb1 29. Nf3 Qe7 30. Ng1 g5 31. Qd3 gxf4 32. Qxb1 f3+ 33. Kxf3 Qe3+ 34. Kg2 Qd2+ 35. Kh3 Qf2 36. Qc1 f6 37. Qc6 Qf5+ 38. Kg2 Rc8 0-1

[Event "EU-chT Seniors 09th"]
[Site "Dresden"]
[Date "2007.02.19"]
[Round "4"]
[White "Mueller, Siegmar"]
[Black "Kopczak, Ruediger"]
[Result "0-1"]
[WhiteElo "2035"]
[BlackElo "1777"]
[PlyCount "84"]
[EventDate "2007.02.16"]
[EventType "team-swiss"]
[EventRounds "9"]
[EventCountry "GER"]
[SourceTitle "CBM 117 Extra"]
[Source "ChessBase"]
[SourceDate "2007.05.09"]
[SourceVersion "1"]
[SourceVersionDate "2007.05.09"]
[SourceQuality "1"]

1. Nc3 c5 2. e4 Nc6 3. Nf3 e6 4. d4 cxd4 5. Nxd4 Nf6 6. Nxc6 bxc6 7. Bd3 Bb4 8. Bd2 d5 9. e5 Nd7 10. f4 a5 11. Qg4 g6 12. 0-0 Ba6 13. Bxa6 Rxa6 14. Rf3 Qe7 15. Kh1 Nc5 16. Re1 Bxc3 17. Bxc3 Ne4 18. a3 a4 19. Re2 Nxc3 20. Rxc3 Rb6 21. h4 h5 22. Qg5 Kd7 23. Qxe7+ Kxe7 24. b4 Rc8 25. Rc5 Rb5 26. Rc3 c5 27. Rd2 Kd7 28. bxc5 Rbxc5 29. Rxc5 Rxc5 30. Rd4 Rxc2 31. Rxa4 Rc4 32. Ra7+ Kc6 33. Rxf7 d4 34. Kg1 Kd5 35. Kf2 Ke4 36. g3 d3 37. Rd7 Rc2+ 38. Ke1 Ke3 39. Kd1 Ra2 40. Kc1 d2+ 41. Kd1 Ra1+ 42. Kc2 Rc1+ 0-1